POHOTOVOSTNÉ POKRMY

Bibliographic Details
Main Author: Fojtík, Ján (Author)
Format: Article
Language:Slovak
Subjects:

MARC

LEADER 00000nab a2200000ua 4500
001 vtls010772468
003 SK-MaSNL
005 20260303231456.0
008 230222s1989 xo |||||||||||||||||slo|
035 |a (urnnbn)urn:nbn:sk:snk:ar-a00dqf 
035 |a (uuid)27a919d1-cabb-4189-8685-39f9f453f7ed 
035 |a urn:nbn:sk:snk-ab4793 
040 |a SNKBUCL  |b slo  |c SNKBUCL  |e AACR2 
041 0 |a slo 
044 |a xo  |c SK 
100 1 |a Fojtík, Ján  |4 aut  |9 1266628 
245 1 0 |a POHOTOVOSTNÉ POKRMY  |c Ján Fojtík 
610 2 7 |a Alima (firma)  |2 SNK  |9 53771 
650 0 7 |a výroba potravín  |2 SNKPH  |9 49992 
650 0 7 |a racionálna výživa  |2 SNKPH  |9 2578 
650 0 7 |a hotové jedlá  |2 SNKPH  |9 115443 
650 0 7 |a školské stravovanie  |2 SNKPH  |9 71306 
773 0 |t Rodina a škola  |g Roč. 36, č. 10 (1989), s. 6 
954 |a odborná, vedecká literatúra pôvodná (slovenská)  |2 lita 
958 |a OND 
958 |a EUIPO 
958 |a article3 
999 |c 2266824  |d 2268754